[Event "Icelandic Team Championship 2021-22 - 1s"]
[Site "Reykjavik"]
[Date "2021.10.01"]
[Round "1.3"]
[White "Andrason, Pall Snaedal"]
[Black "Sigurmundsson, Ulfhedinn"]
[Result "1-0"]
[WhiteElo "1902"]
[BlackElo "1855"]
[PlyCount "53"]
[EventDate "2021.10.01"]
[WhiteTeam "Taflfélag Vestmannaeyja"]
[BlackTeam "Skákfélag Selfoss og nágrennis"]

1. d4 d5 2. Nf3 Nf6 3. Bf4 e6 4. e3 c5 5. c3 Nc6 6. Nbd2 cxd4 7. exd4 Bd6 8.
Bxd6 Qxd6 9. Bd3 O-O 10. Qe2 Re8 11. Ne5 Qc7 12. f4 Nxe5 13. fxe5 Nd7 14. O-O
Rf8 15. Qh5 f5 16. exf6 Nxf6 17. Bxh7+ Nxh7 18. Rxf8+ Nxf8 19. Rf1 g6 20. Qg5
b6 21. Nf3 Ba6 22. Rf2 Bd3 23. Ne5 Nh7 24. Qe3 Bf5 25. g4 Rf8 26. gxf5 gxf5 27.
Rg2+ 1-0

[Event "Icelandic Team Championship 2021-22 - 1s"]
[Site "Reykjavik"]
[Date "2021.10.03"]
[Round "4.2"]
[White "Hansen, Soren Bech"]
[Black "Halldorsson, Bragi"]
[Result "1-0"]
[WhiteElo "2296"]
[BlackElo "2079"]
[PlyCount "111"]
[EventDate "2021.10.01"]
[WhiteTeam "Skákdeild KR"]
[BlackTeam "Taflfélag Garðabæjar b-sveit"]

1. e4 c6 2. d4 d5 3. Nc3 dxe4 4. Nxe4 Bf5 5. Ng3 Bg6 6. h4 h6 7. Nf3 Nd7 8. h5
Bh7 9. Bd3 Ngf6 10. Bxh7 Nxh7 11. Qe2 Nhf6 12. Bd2 e6 13. O-O-O Be7 14. Ne5 Qc7
15. f4 c5 16. Nxd7 Qxd7 17. f5 cxd4 18. Rhe1 O-O 19. fxe6 fxe6 20. Qxe6+ Qxe6
21. Rxe6 Bc5 22. Rf1 Ng4 23. b4 Rxf1+ 24. Nxf1 Bb6 25. Re7 Rf8 26. Ng3 Rf7 27.
Rxf7 Kxf7 28. Bf4 Ke6 29. Kd2 Kd5 30. Bb8 Nf6 31. Kd3 a5 32. a3 axb4 33. axb4
Nd7 34. Bf4 Bd8 35. Nf5 Bf6 36. Bc7 b5 37. Bg3 Nf8 38. Nd6 Be7 39. Nxb5 Bxb4
40. Nxd4 g6 41. c4+ Kc5 42. hxg6 Nxg6 43. Nf5 Kc6 44. Nxh6 Bd6 45. Bxd6 Kxd6
46. Kd4 Nf4 47. Nf5+ Kc6 48. Ne3 Kd6 49. g4 Ke6 50. Ke4 Nh3 51. c5 Ng5+ 52. Kd4
Nf3+ 53. Kc4 Ke5 54. Kb5 Kf4 55. c6 Nd4+ 56. Kb6 1-0

[Event "Icelandic Team Championship 2021-22 - 1s"]
[Site "Reykjavik"]
[Date "2021.10.02"]
[Round "2.1"]
[White "Gudjonsson, Sindri"]
[Black "Fridjonsson, Julius"]
[Result "0-1"]
[WhiteElo "1847"]
[BlackElo "2137"]
[PlyCount "74"]
[EventDate "2021.10.01"]
[WhiteTeam "Taflfélag Garðabæjar b-sveit"]
[BlackTeam "Taflfélag Reykjavíkur b-sveit"]

1. e4 c5 2. d4 cxd4 3. c3 dxc3 4. Nxc3 d6 5. Bc4 Nc6 6. Nf3 e6 7. O-O a6 8. Qe2
Be7 9. Rd1 Bd7 10. Bf4 e5 11. Be3 Nf6 12. Rac1 O-O 13. Nd5 Nxd5 14. Bxd5 Rc8
15. Bxc6 Rxc6 16. Rxc6 Bxc6 17. Nxe5 Bxe4 18. Bc5 Qc7 19. Qxe4 dxe5 20. Bxe7
Qxe7 21. Rd5 Rd8 22. h3 Rxd5 23. Qxd5 g6 24. Kf1 Kg7 25. Ke2 f6 26. Kd3 h5 27.
f3 h4 28. a3 Qf7 29. Qd6 Qb3+ 30. Ke4 Qc2+ 31. Ke3 Qc1+ 32. Ke4 Qc6+ 33. Qxc6
bxc6 34. b4 Kf7 35. a4 Ke6 36. f4 exf4 37. Kxf4 Kd5 0-1

[Event "Icelandic Team Championship 2021-22 - 1s"]
[Site "Reykjavik"]
[Date "2021.10.01"]
[Round "1.1"]
[White "Jonsson, Gauti Pall"]
[Black "Haraldsson, Haraldur"]
[Result "0-1"]
[WhiteElo "2045"]
[BlackElo "1896"]
[PlyCount "90"]
[EventDate "2021.10.01"]
[WhiteTeam "Taflfélag Reykjavíkur b-sveit"]
[BlackTeam "Skákfélag Akureyrar b-sveit"]

1. e4 c5 2. Nc3 Nc6 3. Bb5 Nd4 4. Bc4 e6 5. Nge2 a6 6. d3 Ne7 7. O-O Nec6 8.
Nxd4 Nxd4 9. Ne2 Be7 10. Nxd4 cxd4 11. Qg4 Kf8 12. f4 h5 13. Qf3 b5 14. Bb3 Bb7
15. Bd2 Rc8 16. Be1 Rh6 17. f5 e5 18. Bd2 Bg5 19. f6 Bxd2 20. fxg7+ Kxg7 21.
Qg3+ Qg5 22. Rxf7+ Kh8 23. Qxg5 Bxg5 24. Raf1 Bc6 25. R1f5 Be3+ 26. Kf1 Re8 27.
Ke2 a5 28. a3 Bc1 29. Kf3 Bxb2 30. g4 hxg4+ 31. Kxg4 Rg8+ 32. Rg5 Rxg5+ 33.
Kxg5 Bc1+ 34. Kf5 Rxh2 35. Rf8+ Kh7 36. Rf7+ Kh6 37. Kxe5 a4 38. Rf6+ Kg5 39.
Bf7 Kg4 40. Rg6+ Kf3 41. Kxd4 Rxc2 42. Rf6+ Kg2 43. Rg6+ Kf2 44. Rf6+ Ke1 45.
Rf3 Ke2 0-1

[Event "Icelandic Team Championship 2021-22 - 1s"]
[Site "Reykjavik"]
[Date "2021.10.02"]
[Round "2.3"]
[White "Hansen, Soren Bech"]
[Black "Thorsteinsson, Thorsteinn"]
[Result "1/2-1/2"]
[WhiteElo "2296"]
[BlackElo "2259"]
[PlyCount "91"]
[EventDate "2021.10.01"]
[WhiteTeam "Skákdeild KR"]
[BlackTeam "Taflfélag Vestmannaeyja"]

1. e4 c5 2. Nf3 g6 3. Bc4 Bg7 4. c3 d6 5. O-O Nf6 6. Re1 Nc6 7. d4 cxd4 8. Nxd4
O-O 9. Bb3 Bd7 10. Nd2 Rc8 11. N2f3 a6 12. h3 b5 13. Bf4 Na5 14. e5 dxe5 15.
Nxe5 Be8 16. Qd2 Qb6 17. Bh6 e6 18. Ng4 Nxg4 19. hxg4 Nxb3 20. axb3 Rc5 21.
Bxg7 Kxg7 22. Qe3 Kg8 23. b4 Rd5 24. Nb3 Qd6 25. Nc5 Bc6 26. Rxa6 Rd1 27. Ne4
Rxe1+ 28. Qxe1 Qc7 29. Qe2 Rd8 30. Ra1 Bxe4 31. Qxe4 Rd5 32. Qe3 Kg7 33. Re1
Qd6 34. g3 Kg8 35. Qf4 Qd7 36. Ra1 Kg7 37. Kh2 h5 38. Re1 hxg4 39. Qxg4 Rd2 40.
Re2 Qd3 41. Rxd2 Qxd2 42. Qf4 Qxb2 43. Qd4+ Kg8 44. Kg2 Qe2 45. Qf6 Qc4 46. Kh2
1/2-1/2

[Event "Icelandic Team Championship 2021-22 - 1s"]
[Site "Reykjavik"]
[Date "2021.10.02"]
[Round "3.3"]
[White "Magnusson, Thorlakur"]
[Black "Hansen, Soren Bech"]
[Result "0-1"]
[WhiteElo "1813"]
[BlackElo "2296"]
[PlyCount "46"]
[EventDate "2021.10.01"]
[WhiteTeam "Taflfélag Garðabæjar c-sveit"]
[BlackTeam "Skákdeild KR"]

1. e4 c5 2. Nf3 Nc6 3. b3 Nf6 4. d3 d5 5. exd5 Nxd5 6. Bb2 Bg4 7. Nc3 Qa5 8.
Qd2 Bxf3 9. gxf3 Nd4 10. Be2 O-O-O 11. a3 e6 12. Kd1 Be7 13. Nxd5 Qxd2+ 14.
Kxd2 Rxd5 15. Rae1 Bg5+ 16. Kd1 Rf5 17. Bxd4 cxd4 18. Rhg1 Rd8 19. Rg3 g6 20.
Reg1 Bf4 21. R3g2 h5 22. Re1 Ra5 23. a4 b5 0-1

[Event "Icelandic Team Championship 2021-22 - 1s"]
[Site "Reykjavik"]
[Date "2021.10.02"]
[Round "3.2"]
[White "Sverrisson, Nokkvi"]
[Black "Kristjansson, Olafur"]
[Result "0-1"]
[WhiteElo "2037"]
[BlackElo "2082"]
[PlyCount "78"]
[EventDate "2021.10.01"]
[WhiteTeam "Taflfélag Vestmannaeyja"]
[BlackTeam "Skákfélag Akureyrar b-sveit"]

1. e4 c5 2. Nf3 Nc6 3. d4 cxd4 4. Nxd4 e6 5. Be3 Nf6 6. Nc3 Bb4 7. Bd3 d5 8.
Nxc6 bxc6 9. Bd2 e5 10. exd5 cxd5 11. O-O O-O 12. Re1 e4 13. Bf1 Bg4 14. Be2
Be6 15. a3 Ba5 16. Nb5 Bb6 17. Bb4 Re8 18. Nd4 Bd7 19. Kh1 Qc7 20. g3 h5 21.
Bb5 Bxd4 22. Bxd7 Bxb2 23. Bxe8 Bxa1 24. Bxf7+ Kxf7 25. Qxa1 Qxc2 26. Qd4 Qc4
27. Qe5 a5 28. Bd2 Qd3 29. Bg5 Qf3+ 30. Kg1 Qxf2+ 31. Kxf2 Ng4+ 32. Ke2 Nxe5
33. Rb1 Rc8 34. Rb5 Ke6 35. Rxa5 Rc2+ 36. Kd1 Rxh2 37. Ra7 d4 38. Rxg7 d3 39.
Re7+ Kd5 0-1

[Event "Icelandic Team Championship 2021-22 - 1s"]
[Site "Reykjavik"]
[Date "2021.10.02"]
[Round "3.4"]
[White "Vilmundarson, Leifur Ingi"]
[Black "Ottesen, Oddgeir"]
[Result "1-0"]
[WhiteElo "2028"]
[BlackElo "1752"]
[PlyCount "51"]
[EventDate "2021.10.01"]
[WhiteTeam "Taflfélag Garðabæjar b-sveit"]
[BlackTeam "Skákfélag Selfoss og nágrennis"]

1. e4 c5 2. c4 Nc6 3. Ne2 g6 4. d4 cxd4 5. Nxd4 Bg7 6. Be3 d6 7. Nc3 Nf6 8. Be2
O-O 9. O-O Bd7 10. Rc1 Rc8 11. f3 a6 12. Qd2 Nxd4 13. Bxd4 Be6 14. b3 Nd7 15.
f4 f5 16. Bxg7 Kxg7 17. Qd4+ Kg8 18. exf5 Bxf5 19. Bf3 Nc5 20. Bxb7 e5 21. Bd5+
Be6 22. fxe5 dxe5 23. Rxf8+ Qxf8 24. Qxe5 Bxd5 25. Nxd5 Re8 26. Nf6+ 1-0

[Event "Icelandic Team Championship 2021-22 - 1s"]
[Site "Reykjavik"]
[Date "2021.10.03"]
[Round "4.1"]
[White "Mai, Aron Thor"]
[Black "Thorfinnsson, Bragi"]
[Result "0-1"]
[WhiteElo "2079"]
[BlackElo "2427"]
[PlyCount "66"]
[EventDate "2021.10.01"]
[WhiteTeam "Taflfélag Reykjavíkur b-sveit"]
[BlackTeam "Skákfélag Selfoss og nágrennis"]

1. e4 c5 2. Nf3 e6 3. d3 Nc6 4. g3 d6 5. Bg2 e5 6. O-O Be7 7. Re1 g5 8. c3 h5
9. a3 h4 10. b4 hxg3 11. hxg3 Bg4 12. d4 exd4 13. b5 Ne5 14. cxd4 cxd4 15. Bb2
Bf6 16. Nbd2 Nd3 17. Qb3 Nxb2 18. e5 dxe5 19. Nxe5 Be6 20. Qxb2 Ne7 21. Nef3 g4
22. Ne4 Bg7 23. Nh4 Rh5 24. a4 Kf8 25. Qa3 Rc8 26. f4 Kg8 27. Ng5 Rxg5 28. Rxe6
fxe6 29. fxg5 Rc3 30. Qa2 Qd6 31. Re1 Re3 32. Rxe3 dxe3 33. Kh2 Be5 0-1

[Event "Icelandic Team Championship 2021-22 - 1s"]
[Site "Reykjavik"]
[Date "2021.10.01"]
[Round "1.4"]
[White "Sigurdsson, Pall"]
[Black "Ptacnikova, Lenka"]
[Result "0-1"]
[WhiteElo "1919"]
[BlackElo "2135"]
[PlyCount "60"]
[EventDate "2021.10.01"]
[WhiteTeam "Taflfélag Garðabæjar c-sveit"]
[BlackTeam "Taflfélag Garðabæjar b-sveit"]

1. e4 c5 2. Nf3 e6 3. d4 cxd4 4. Nxd4 a6 5. Bd3 Nf6 6. O-O d6 7. Nc3 b5 8. a3
Bb7 9. Kh1 g6 10. Bg5 h6 11. Bh4 g5 12. Bg3 Nbd7 13. f4 gxf4 14. Bh4 Be7 15.
Qe2 Qb6 16. Bf2 Qc7 17. Bh4 Rg8 18. Rad1 Rg4 19. Bxf6 Nxf6 20. Qf3 O-O-O 21.
Rf2 Rdg8 22. Bf1 Kb8 23. Rd3 Qb6 24. Rfd2 Nxe4 25. Nxe4 f5 26. Qd1 fxe4 27. Rb3
e3 28. Nxb5 exd2 29. Qxd2 axb5 30. Rxb5 Rxg2 0-1

[Event "Icelandic Team Championship 2021-22 - 1s"]
[Site "Reykjavik"]
[Date "2021.10.02"]
[Round "2.4"]
[White "Runarsson, Gunnar"]
[Black "Bjorgvinsson, Andri Freyr"]
[Result "1/2-1/2"]
[WhiteElo "1930"]
[BlackElo "2084"]
[PlyCount "69"]
[EventDate "2021.10.01"]
[WhiteTeam "Víkingaklúbburinn b-sveit"]
[BlackTeam "Skákfélag Akureyrar b-sveit"]

1. e4 c5 2. Nf3 e6 3. d4 cxd4 4. Nxd4 Nc6 5. Nb3 Qc7 6. Be3 Nf6 7. Nc3 a6 8.
Be2 b5 9. Bf3 Bb7 10. O-O Ne5 11. Bf4 Bd6 12. Bg3 O-O 13. a3 Nxf3+ 14. gxf3 Be5
15. Qd3 Rfd8 16. Qe3 Rac8 17. Rad1 d5 18. Bxe5 Qxe5 19. exd5 Qxe3 20. fxe3 Nxd5
21. Nxd5 Bxd5 22. Nd4 g6 23. f4 h6 24. c3 Kg7 25. Kf2 Rb8 26. Rd2 Rdc8 27. Re1
f5 28. Nf3 Kf6 29. Ne5 Rb7 30. h4 g5 31. Rg1 g4 32. Rd4 a5 33. Rgd1 Rc5 34.
R1d2 Rc8 35. Kg3 1/2-1/2

[Event "Icelandic Team Championship 2021-22 - 1s"]
[Site "Reykjavik"]
[Date "2021.10.02"]
[Round "2.2"]
[White "Magnusson, Thorlakur"]
[Black "Gunnarsson, Arnar"]
[Result "0-1"]
[WhiteElo "1813"]
[BlackElo "2418"]
[PlyCount "84"]
[EventDate "2021.10.01"]
[WhiteTeam "Taflfélag Garðabæjar c-sveit"]
[BlackTeam "Skákfélag Selfoss og nágrennis"]

1. e4 c5 2. Nf3 d6 3. b3 Nf6 4. d3 g6 5. Bb2 Bg7 6. g3 O-O 7. Bg2 Nc6 8. O-O
Bd7 9. Nbd2 Qc8 10. Nc4 b5 11. Ne3 Bh3 12. Nd5 Bxg2 13. Kxg2 Nxd5 14. Bxg7 Nf4+
15. Kh1 Kxg7 16. gxf4 Qg4 17. f5 e6 18. fxg6 fxg6 19. Ng1 Qxd1 20. Raxd1 Nb4
21. d4 c4 22. bxc4 bxc4 23. c3 Nd3 24. Kg2 Rab8 25. Rd2 Rb5 26. Nh3 Rfb8 27. f3
Rb2 28. Rfd1 R8b5 29. Kf1 Rxd2 30. Rxd2 Rb1+ 31. Kg2 Kf6 32. Ng1 Nf4+ 33. Kf2
Rc1 34. Ne2 Nxe2 35. Kxe2 Rxc3 36. d5 Ra3 37. dxe6 Kxe6 38. Rc2 d5 39. exd5+
Kxd5 40. Rd2+ Kc5 41. h4 c3 42. Rc2 Kd4 0-1

[Event "Icelandic Team Championship 2021-22 - 1s"]
[Site "Reykjavik"]
[Date "2021.10.01"]
[Round "1.3"]
[White "Sigurmundsson, Ingimundur"]
[Black "Sverrisson, Nokkvi"]
[Result "0-1"]
[WhiteElo "1879"]
[BlackElo "2037"]
[PlyCount "48"]
[EventDate "2021.10.01"]
[WhiteTeam "Skákfélag Selfoss og nágrennis"]
[BlackTeam "Taflfélag Vestmannaeyja"]

1. e4 c5 2. Nf3 d6 3. d4 cxd4 4. Nxd4 Nf6 5. Nc3 g6 6. f4 Nc6 7. Bb5 Bd7 8. h3
Bg7 9. Be3 O-O 10. O-O Nxd4 11. Bxd7 Nxc2 12. Qxc2 Nxd7 13. Qb3 b6 14. Rac1 Nc5
15. Qc4 Rc8 16. Rfd1 Qd7 17. e5 Qb7 18. exd6 exd6 19. Nd5 b5 20. Qc2 Kh8 21. f5
Nd7 22. Qd2 Rxc1 23. Rxc1 Rc8 24. Bd4 Rxc1+ 0-1

[Event "Icelandic Team Championship 2021-22 - 1s"]
[Site "Reykjavik"]
[Date "2021.10.01"]
[Round "1.1"]
[White "Karlsson, Thorleifur"]
[Black "Mai, Alexander Oliver"]
[Result "0-1"]
[WhiteElo "2013"]
[BlackElo "2049"]
[PlyCount "94"]
[EventDate "2021.10.01"]
[WhiteTeam "Skákfélag Akureyrar b-sveit"]
[BlackTeam "Taflfélag Reykjavíkur b-sveit"]

1. e4 c5 2. Nf3 d6 3. d4 cxd4 4. Nxd4 Nf6 5. Nc3 Nc6 6. Bc4 Qb6 7. Nde2 e6 8.
O-O Be7 9. Be3 Qc7 10. h3 O-O 11. Bb3 a6 12. f4 b5 13. a3 Na5 14. f5 Nc4 15.
Bxc4 Qxc4 16. Ng3 Bb7 17. Qf3 a5 18. Rad1 Qc6 19. Bg5 Bd8 20. Nh5 Nxh5 21. Qxh5
Qc5+ 22. Kh1 Bxg5 23. Qxg5 b4 24. Nd5 f6 25. Ne7+ Kf7 26. fxe6+ Kxe6 27. Qxc5
dxc5 28. Nd5 Rad8 29. axb4 cxb4 30. Rd4 Rc8 31. Rf2 Ke5 32. Rfd2 Rfd8 33. R4d3
Re8 34. Rd4 Rc5 35. Nb6 Rc7 36. Nc4+ Kf4 37. Nd6 Ree7 38. Nf5 Rxe4 39. Nd6 Rxd4
40. Rxd4+ Ke3 41. Nf5+ Ke2 42. Nd6 Ba8 43. Nc4 Rc5 44. Kg1 Bd5 45. b3 Bxc4 46.
bxc4 a4 47. Kh2 a3 0-1

[Event "Icelandic Team Championship 2021-22 - 1s"]
[Site "Reykjavik"]
[Date "2021.10.02"]
[Round "2.1"]
[White "Mai, Aron Thor"]
[Black "Bjornsson, Gunnar"]
[Result "1/2-1/2"]
[WhiteElo "2079"]
[BlackElo "2131"]
[PlyCount "70"]
[EventDate "2021.10.01"]
[WhiteTeam "Taflfélag Reykjavíkur b-sveit"]
[BlackTeam "Taflfélag Garðabæjar b-sveit"]

1. e4 c5 2. Nf3 d6 3. d4 cxd4 4. Nxd4 Nf6 5. Nc3 g6 6. Be3 Bg7 7. f3 Nc6 8. Qd2
O-O 9. g4 Nxd4 10. Bxd4 Be6 11. h4 Qa5 12. h5 Rfc8 13. a3 b5 14. b4 Qd8 15.
hxg6 hxg6 16. Bxb5 a5 17. O-O Bc4 18. Rfc1 Rab8 19. Bxc4 Rxc4 20. Ne2 axb4 21.
axb4 Rbxb4 22. c3 Ra4 23. Rxa4 Rxa4 24. Rb1 Nd7 25. Rb4 Bxd4+ 26. cxd4 Qa5 27.
Rb2 Qa7 28. Kg2 Nf8 29. Rc2 Qa6 30. Nf4 Ra1 31. Ne2 Ne6 32. Rb2 Qa7 33. Rc2 Qa6
34. Rb2 Qa7 35. Rc2 Qa6 1/2-1/2

[Event "Icelandic Team Championship 2021-22 - 1s"]
[Site "Reykjavik"]
[Date "2021.10.02"]
[Round "2.4"]
[White "Geirsson, Kristjan"]
[Black "Haraldsson, Haraldur"]
[Result "0-1"]
[WhiteElo "1728"]
[BlackElo "1896"]
[PlyCount "54"]
[EventDate "2021.10.01"]
[WhiteTeam "Víkingaklúbburinn b-sveit"]
[BlackTeam "Skákfélag Akureyrar b-sveit"]

1. e4 c5 2. Nf3 d6 3. d4 cxd4 4. Nxd4 Nf6 5. Nc3 a6 6. Bc4 e6 7. Bb3 Nbd7 8.
Bg5 Nc5 9. f4 Be7 10. Qf3 Qc7 11. f5 Nxb3 12. cxb3 O-O 13. O-O-O e5 14. Bxf6
Bxf6 15. Nde2 b5 16. Kb1 Bb7 17. Nd5 Bxd5 18. Rxd5 Rac8 19. Rc1 Qb6 20. Rcd1
Rc6 21. R5d3 b4 22. h4 Rfc8 23. g4 Bxh4 24. Rh1 Bg5 25. Rhd1 Qc5 26. Qf1 Qc2+
27. Ka1 Qxe2 0-1

[Event "Icelandic Team Championship 2021-22 - 1s"]
[Site "Reykjavik"]
[Date "2021.10.01"]
[Round "1.2"]
[White "Geirsson, Kristjan"]
[Black "Gunnarsson, Gunnar K"]
[Result "0-1"]
[WhiteElo "1728"]
[BlackElo "2007"]
[PlyCount "56"]
[EventDate "2021.10.01"]
[WhiteTeam "Víkingaklúbburinn b-sveit"]
[BlackTeam "Skákdeild KR"]

1. e4 c5 2. Nf3 d6 3. d4 cxd4 4. Nxd4 Nf6 5. Nc3 a6 6. Bc4 e6 7. Bb3 Be7 8. O-O
b5 9. Qf3 Qc7 10. Be3 O-O 11. a3 Nbd7 12. Qg3 Ne5 13. f4 Neg4 14. h3 Nxe3 15.
Qxe3 Bb7 16. f5 e5 17. Nf3 d5 18. Qe2 dxe4 19. Ng5 e3 20. Kh1 h6 21. Nxf7 Rxf7
22. Bxf7+ Kxf7 23. Qxe3 Bc5 24. Qe2 e4 25. Rad1 Re8 26. Rd2 Ba7 27. Rfd1 Bb8
28. Rd6 Rd8 0-1

[Event "Icelandic Team Championship 2021-22 - 1s"]
[Site "Reykjavik"]
[Date "2021.10.01"]
[Round "1.4"]
[White "Halldorsson, Bragi"]
[Black "Gudjonsson, Sindri"]
[Result "0-1"]
[WhiteElo "2079"]
[BlackElo "1847"]
[PlyCount "87"]
[EventDate "2021.10.01"]
[WhiteTeam "Taflfélag Garðabæjar b-sveit"]
[BlackTeam "Taflfélag Garðabæjar c-sveit"]

1. d4 Nf6 2. c4 e5 3. e3 exd4 4. exd4 d5 5. Nc3 Be7 6. Nf3 O-O 7. Bg5 Re8 8.
Be2 dxc4 9. O-O Bg4 10. Bxc4 Nbd7 11. Qb3 Bh5 12. Ne5 Nxe5 13. dxe5 Ng4 14.
Rad1 Qc8 15. e6 Ne5 16. exf7+ Bxf7 17. Bxf7+ Nxf7 18. Bf4 c6 19. Rfe1 b6 20.
Re4 Bf6 21. Rde1 Qd7 22. Qc4 Bxc3 23. Qxc3 Rxe4 24. Rxe4 Re8 25. Rxe8+ Qxe8 26.
h3 Qd7 27. Kh2 Nd8 28. Qe5 Ne6 29. Bg3 c5 30. Qb8+ Kf7 31. Be5 b5 32. f4 Nd4
33. Bd6 c4 34. g4 Nc6 35. Qf8+ Ke6 36. f5+ Kd5 37. Ba3 a5 38. Qc5+ Ke4 39. Kg3
Ne5 40. b3 Qd3+ 41. Kh4 cxb3 42. axb3 Qxb3 43. Bc1 Nf3+ 44. Kh5 0-1

[Event "Icelandic Team Championship 2021-22 - 1s"]
[Site "Reykjavik"]
[Date "2021.10.02"]
[Round "3.2"]
[White "Karlsson, Thorleifur"]
[Black "Andrason, Pall Snaedal"]
[Result "1-0"]
[WhiteElo "2013"]
[BlackElo "1902"]
[PlyCount "65"]
[EventDate "2021.10.01"]
[WhiteTeam "Skákfélag Akureyrar b-sveit"]
[BlackTeam "Taflfélag Vestmannaeyja"]

1. e4 e6 2. d4 d5 3. Nd2 Nf6 4. e5 Nfd7 5. f4 c5 6. Ngf3 Nc6 7. dxc5 Bxc5 8.
Nb3 Bb6 9. Bd3 Nc5 10. Nxc5 Bxc5 11. Qe2 Nd4 12. Nxd4 Bxd4 13. c3 Bc5 14. Be3
Bxe3 15. Qxe3 O-O 16. O-O Bd7 17. Rad1 Qa5 18. a3 b6 19. Qh3 g6 20. Rf3 Bb5 21.
Qh6 Qa4 22. Rd2 Bxd3 23. Rh3 Rfe8 24. Qxh7+ Kf8 25. Qh8+ Ke7 26. Qf6+ Kd7 27.
Rhxd3 Qe4 28. h3 Re7 29. Rd4 Qe3+ 30. Kh2 b5 31. Rxd5+ exd5 32. Rxd5+ Kc8 33.
Qc6+ 1-0

[Event "Icelandic Team Championship 2021-22 - 1s"]
[Site "Reykjavik"]
[Date "2021.10.03"]
[Round "4.2"]
[White "Sigurdsson, Pall"]
[Black "Haraldsson, Sigurjon"]
[Result "1-0"]
[WhiteElo "1919"]
[BlackElo "1841"]
[PlyCount "59"]
[EventDate "2021.10.01"]
[WhiteTeam "Taflfélag Garðabæjar b-sveit"]
[BlackTeam "Skákdeild KR"]

1. e4 e6 2. d4 d5 3. Nd2 Nf6 4. e5 Nfd7 5. g3 c5 6. c3 Nc6 7. Ndf3 cxd4 8. cxd4
Be7 9. Ne2 O-O 10. Bh3 Nb6 11. O-O Qe8 12. Nf4 Bd8 13. Re1 Ne7 14. b3 Ng6 15.
Nh5 f6 16. exf6 Bxf6 17. Nxf6+ gxf6 18. Qe2 e5 19. Bxc8 Qxc8 20. dxe5 fxe5 21.
Nxe5 Re8 22. Bb2 Qf5 23. f4 Rac8 24. Rac1 Rxc1 25. Rxc1 Nd7 26. Re1 Nf6 27. Qd1
Qe6 28. Qd4 Ne4 29. Rd1 Ne7 30. Nd7 1-0

[Event "Icelandic Team Championship 2021-22 - 1s"]
[Site "Reykjavik"]
[Date "2021.10.02"]
[Round "3.2"]
[White "Teitsson, Magnus"]
[Black "Johannsson, Orn Leo"]
[Result "0-1"]
[WhiteElo "2126"]
[BlackElo "2213"]
[PlyCount "70"]
[EventDate "2021.10.01"]
[WhiteTeam "Skákfélag Akureyrar b-sveit"]
[BlackTeam "Taflfélag Vestmannaeyja"]

1. e4 e6 2. d4 d5 3. Nd2 dxe4 4. Nxe4 Nd7 5. Nf3 Ngf6 6. Bd3 Be7 7. c3 O-O 8.
Be3 b6 9. Qc2 Bb7 10. Neg5 h6 11. h4 c5 12. dxc5 Bxc5 13. O-O-O Bxe3+ 14. fxe3
Qe7 15. Bh7+ Kh8 16. Be4 Nxe4 17. Nxe4 Rad8 18. Kb1 f5 19. Nf2 Bxf3 20. gxf3
Ne5 21. Qe2 Rxd1+ 22. Nxd1 Rd8 23. Nf2 Qb7 24. e4 fxe4 25. Nxe4 Qf7 26. Rf1 Qf4
27. Kc2 Rd3 28. Nd2 Re3 29. Qb5 Rd3 30. Ne4 Rxf3 31. Qe8+ Kh7 32. Ng5+ hxg5 33.
Qh5+ Kg8 34. Qe8+ Qf8 35. Qxe6+ Qf7 0-1

[Event "Icelandic Team Championship 2021-22 - 1s"]
[Site "Reykjavik"]
[Date "2021.10.02"]
[Round "2.2"]
[White "Thorfinnsson, Bragi"]
[Black "Saemundsson, Bjarni"]
[Result "1-0"]
[WhiteElo "2427"]
[BlackElo "1834"]
[PlyCount "79"]
[EventDate "2021.10.01"]
[WhiteTeam "Skákfélag Selfoss og nágrennis"]
[BlackTeam "Taflfélag Garðabæjar c-sveit"]

1. e4 e5 2. Nc3 Nf6 3. d4 exd4 4. Qxd4 Nc6 5. Qd3 Bc5 6. Bf4 Qe7 7. O-O-O d6 8.
f3 Bd7 9. g4 Ne5 10. Qe2 Bc6 11. g5 Nfd7 12. h4 O-O-O 13. Bg3 f6 14. f4 Nf7 15.
Bg2 Rhe8 16. Nh3 f5 17. Rhe1 Bb4 18. Qc4 Bxc3 19. Qxc3 Qf8 20. Nf2 Kb8 21. Bf3
fxe4 22. Nxe4 Re7 23. Nd2 Bxf3 24. Nxf3 Rde8 25. Rxe7 Rxe7 26. Re1 Qe8 27. Rxe7
Qxe7 28. Qxg7 Qe3+ 29. Kb1 b6 30. Qc3 Qe2 31. b4 Qd1+ 32. Kb2 Qd5 33. Qd3 Qc6
34. f5 Nde5 35. Nxe5 Nxe5 36. Bxe5 dxe5 37. f6 e4 38. Qd8+ Kb7 39. f7 Qc4 40.
f8=Q 1-0

[Event "Icelandic Team Championship 2021-22 - 1s"]
[Site "Reykjavik"]
[Date "2021.10.02"]
[Round "2.4"]
[White "Karlsson, Thorleifur"]
[Black "Ingason, Sigurdur"]
[Result "1/2-1/2"]
[WhiteElo "2013"]
[BlackElo "1782"]
[PlyCount "29"]
[EventDate "2021.10.01"]
[WhiteTeam "Skákfélag Akureyrar b-sveit"]
[BlackTeam "Víkingaklúbburinn b-sveit"]

1. e4 e5 2. Nf3 Nf6 3. Nxe5 d6 4. Nf3 Nxe4 5. Nc3 Nf6 6. d4 Nc6 7. h3 Be7 8. d5
Ne5 9. Bf4 Ng6 10. Bg5 h6 11. Be3 O-O 12. Qd2 Nd7 13. O-O-O Nde5 14. Kb1 f5 15.
Bd3 1/2-1/2

[Event "Icelandic Team Championship 2021-22 - 1s"]
[Site "Reykjavik"]
[Date "2021.10.02"]
[Round "3.1"]
[White "Mai, Aron Thor"]
[Black "Ingason, Sigurdur"]
[Result "1-0"]
[WhiteElo "2079"]
[BlackElo "1782"]
[PlyCount "51"]
[EventDate "2021.10.01"]
[WhiteTeam "Taflfélag Reykjavíkur b-sveit"]
[BlackTeam "Víkingaklúbburinn b-sveit"]

1. e4 e5 2. Nf3 Nf6 3. Nxe5 d6 4. Nf3 Nxe4 5. Nc3 Nxc3 6. dxc3 Be7 7. Bf4 O-O
8. Qd2 Nd7 9. O-O-O Nc5 10. h4 c6 11. Ng5 d5 12. f3 Ne6 13. Bd3 h6 14. Nxe6
fxe6 15. Kb1 Bd6 16. Be3 Qf6 17. h5 e5 18. g4 e4 19. fxe4 Bxg4 20. Rdg1 dxe4
21. Bc4+ Be6 22. Bxe6+ Qxe6 23. Bxh6 Be5 24. Bxg7 Bxg7 25. h6 Kf7 26. hxg7 1-0

[Event "Icelandic Team Championship 2021-22 - 1s"]
[Site "Reykjavik"]
[Date "2021.10.03"]
[Round "4.1"]
[White "Mai, Alexander Oliver"]
[Black "Arngrimsson, Dagur"]
[Result "1/2-1/2"]
[WhiteElo "2049"]
[BlackElo "2380"]
[PlyCount "78"]
[EventDate "2021.10.01"]
[WhiteTeam "Taflfélag Reykjavíkur b-sveit"]
[BlackTeam "Skákfélag Selfoss og nágrennis"]

1. e4 e5 2. Nf3 Nc6 3. Nc3 Nf6 4. d4 exd4 5. Nxd4 Bb4 6. Nxc6 dxc6 7. Qxd8+
Kxd8 8. Bd2 Bd7 9. f3 a5 10. a4 Re8 11. Bd3 Nd5 12. Ne2 Bxd2+ 13. Kxd2 Nb4 14.
g4 c5 15. c3 Nc6 16. Ke3 Ne5 17. h3 Bc6 18. Ng3 Ke7 19. Rhd1 Red8 20. b3 g6 21.
Rd2 f6 22. Raa2 Be8 23. Ne2 Bf7 24. c4 Nc6 25. Bb1 Rh8 26. Rd1 h5 27. Rad2 Be6
28. Nf4 Ne5 29. Nd3 Nxd3 30. Bxd3 hxg4 31. hxg4 Ra6 32. e5 g5 33. exf6+ Kxf6
34. Be4 Rb6 35. Bc2 Rh3 36. Kf2 Rh2+ 37. Ke3 Rh3 38. Kf2 Rh2+ 39. Ke3 Rh3
1/2-1/2